Squid Game Character Names - Statistics

General Stats
  • This quiz has been taken 198 times
  • The average score is 7 of 19
Answer Stats
Hint Answer % Correct
Player 001 (Season 1) Oh Il-nam
74%
Player 218 (Season 1) Cho Sang-woo
70%
Player 111 (Season 1) Byeong-gi
68%
Player 067 (Season 1) Kang Sae-byeok
68%
Player 199 (Season 1) Ali Abdul
60%
Player 101 (Season 1) Jang Deok-su
58%
Player 212 (Season 1) Han Mi-nyeo
45%
Player 240 (Season 1) Ji-yeong
42%
Player 119 (Season 1) No Sang-hun
30%
Player 005 (Season 1) Cho Su-jin
27%
Player 006 (Season 1) Choi Woo-seong
23%
Player 456's Mom (Season 1) Oh Mal-soon
21%
Player 017 (Season 1) Do Jung-soo
19%
Player 322 (Season 1) Jung Min-tae
19%
Player 369 (Season 1) Park Ju-un
17%
Player 107 (Season 1) Kim Mi-ok
11%
Player 002 (Season 1) Mun Jang-ho
11%
Player 118 (Season 1) Oh Yeong-uk
11%
Player 004 (Season 1) Jang Seung-jong
6%
No matching quizzes found
Score Distribution
Percent of People with Each Score
Percentile by Number Answered
Your Score History
You have not taken this quiz